[Event "MCR druzstev mladsich zaku 2015"]
[Site "Hradec Kralove"]
[Date "2015.06.13"]
[Round "4.10"]
[White "Odstrcil (BSS F-M \"B\"), Lukas"]
[Black "Petricek (Kurim), Lukas"]
[Result "0-1"]
[BlackElo "1441"]
[WhiteElo "1498"]
[LiveChessVersion "1.4.4"]

1. e4 {[%clk 0:25:17]} c5 {[%clk 0:25:15]} 2. Nf3 {[%clk 0:25:24]} Nc6
{[%clk 0:25:19]} 3. d4 {[%clk 0:25:31]} cxd4 {[%clk 0:25:25]} 4. Nxd4
{[%clk 0:25:38]} g6 {[%clk 0:25:28]} 5. Be3 {[%clk 0:25:38]} Bg7 {[%clk 0:25:33]}
6. c3 {[%clk 0:25:06]} Nf6 {[%clk 0:25:32]} 7. f3 {[%clk 0:25:12]} O-O
{[%clk 0:25:36]} 8. Bc4 {[%clk 0:25:00]} d6 {[%clk 0:25:38]} 9. O-O
{[%clk 0:24:45]} Bd7 {[%clk 0:25:44]} 10. Nd2 {[%clk 0:24:26]} a6
{[%clk 0:25:41]} 11. N2b3 {[%clk 0:24:03]} b5 {[%clk 0:25:32]} 12. Be2
{[%clk 0:23:26]} Rc8 {[%clk 0:25:24]} 13. Qd2 {[%clk 0:23:07]} Qc7
{[%clk 0:25:20]} 14. Rac1 {[%clk 0:21:59]} Rfd8 {[%clk 0:25:07]} 15. Qe1
{[%clk 0:21:16]} Ne5 {[%clk 0:21:26]} 16. Qf2 {[%clk 0:20:43]} Nc4
{[%clk 0:20:41]} 17. Bxc4 {[%clk 0:20:32]} Qxc4 {[%clk 0:20:24]} 18. Rfd1
{[%clk 0:19:44]} Qc7 {[%clk 0:16:46]} 19. Ne2 {[%clk 0:19:24]} Rb8
{[%clk 0:16:24]} 20. Nf4 {[%clk 0:18:54]} Bc6 {[%clk 0:16:03]} 21. Nd5
{[%clk 0:17:54]} Nxd5 {[%clk 0:15:54]} 22. exd5 {[%clk 0:18:00]} Bd7
{[%clk 0:15:39]} 23. Nd4 {[%clk 0:17:16]} Qb7 {[%clk 0:14:46]} 24. Nc2
{[%clk 0:16:18]} Rdc8 {[%clk 0:13:56]} 25. Bd4 {[%clk 0:15:38]} Bxd4
{[%clk 0:13:39]} 26. Qxd4 {[%clk 0:15:35]} Qb6 {[%clk 0:13:46]} 27. Qxb6
{[%clk 0:15:25]} Rxb6 {[%clk 0:13:53]} 28. Re1 {[%clk 0:15:29]} e6
{[%clk 0:13:38]} 29. Rcd1 {[%clk 0:15:32]} e5 {[%clk 0:13:29]} 30. Nb4
{[%clk 0:15:05]} a5 {[%clk 0:13:06]} 31. Nd3 {[%clk 0:15:08]} Bf5
{[%clk 0:13:09]} 32. Nf2 {[%clk 0:14:47]} b4 {[%clk 0:13:01]} 33. Re3
{[%clk 0:13:47]} bxc3 {[%clk 0:12:07]} 34. bxc3 {[%clk 0:12:28]} Rb2
{[%clk 0:12:09]} 35. Ra1 {[%clk 0:11:29]} Rc2 {[%clk 0:11:57]} 36. Nd1
{[%clk 0:11:11]} Rc5 {[%clk 0:11:56]} 37. g4 {[%clk 0:11:05]} Bd7
{[%clk 0:11:54]} 38. Rd3 {[%clk 0:11:13]} Bb5 {[%clk 0:11:54]} 39. c4
{[%clk 0:10:29]} Bxc4 {[%clk 0:11:46]} 40. Ra3 {[%clk 0:10:31]} Bxd5
{[%clk 0:11:00]} 41. Ne3 {[%clk 0:10:29]} Rc1+ {[%clk 0:11:08]} 42. Rxc1
{[%clk 0:10:33]} Rxc1+ {[%clk 0:11:17]} 43. Kf2 {[%clk 0:10:42]} Be6
{[%clk 0:11:19]} 44. Rxa5 {[%clk 0:10:47]} Ra1 {[%clk 0:10:54]} 45. a3
{[%clk 0:10:53]} Ra2+ {[%clk 0:10:55]} 46. Kg3 {[%clk 0:10:59]} f5
{[%clk 0:10:38]} 47. gxf5 {[%clk 0:10:35]} gxf5 {[%clk 0:10:45]} 48. Kh4
{[%clk 0:10:29]} Rxh2+ {[%clk 0:10:49]} 49. Kg3 {[%clk 0:10:38]} Ra2
{[%clk 0:10:48]} 50. Ra8+ {[%clk 0:10:39]} Kf7 {[%clk 0:10:56]} 51. a4
{[%clk 0:10:48]} f4+ {[%clk 0:11:02]} 52. Kh4 {[%clk 0:10:55]} fxe3
{[%clk 0:11:04]} 53. Rh8 {[%clk 0:10:57]} Kg7 {[%clk 0:11:12]} 54. Rb8
{[%clk 0:11:04]} Kg6 {[%clk 0:11:19]} 55. Rb4 {[%clk 0:11:08]} e2
{[%clk 0:11:19]} 56. Re4 {[%clk 0:11:16]} Bd5 {[%clk 0:11:10]} 57. Re3
{[%clk 0:11:24]} Rxa4+ {[%clk 0:11:18]} 58. Kg3 {[%clk 0:11:33]} Rf4
{[%clk 0:11:16]} 59. Rxe2 {[%clk 0:11:38]} Rxf3+ {[%clk 0:11:21]} 60. Kg4
{[%clk 0:11:47]} h5+ {[%clk 0:11:29]} 61. Kh4 {[%clk 0:11:55]} Be6
{[%clk 0:11:24]} 62. Rg2+ {[%clk 0:12:03]} Kh6 {[%clk 0:11:28]} 63. Rg3
{[%clk 0:12:09]} Rxg3 {[%clk 0:11:35]} 64. Kxg3 {[%clk 0:12:18]} Kg5
{[%clk 0:11:44]} 65. Kf3 {[%clk 0:12:26]} h4 {[%clk 0:11:53]} 66. Kg2
{[%clk 0:12:36]} Kf4 {[%clk 0:12:03]} 67. Kf2 {[%clk 0:12:45]} h3
{[%clk 0:12:12]} 68. Kg1 {[%clk 0:12:54]} Kg3 {[%clk 0:12:21]} 69. Kh1
{[%clk 0:13:03]} Bd5+ {[%clk 0:12:31]} 70. Kg1 {[%clk 0:13:12]} h2+
{[%clk 0:12:40]} 71. Kf1 {[%clk 0:13:21]} h1=Q+ {[%clk 0:12:47]} 72. Ke2
{[%clk 0:13:29]} Qf3+ {[%clk 0:12:57]} 73. Kd2 {[%clk 0:13:37]} Qe4
{[%clk 0:13:03]} 74. Kc3 {[%clk 0:13:46]} Qc4+ {[%clk 0:13:12]} 75. Kd2
{[%clk 0:13:54]} Be4 {[%clk 0:13:19]} 76. Ke3 {[%clk 0:14:03]} Qd3#
{[%clk 0:13:28]} 0-1

[Event "MCR druzstev mladsich zaku 2015"]
[Site "Hradec Kralove"]
[Date "2015.06.13"]
[Round "4.11"]
[White "Kriz (Kurim), Tomas"]
[Black "Gres (BSS F-M \"B\"), Michal"]
[Result "1-0"]
[BlackElo "1177"]
[WhiteElo "1477"]
[LiveChessVersion "1.4.4"]

1. e4 {[%clk 0:25:16]} c5 {[%clk 0:25:05]} 2. Nf3 {[%clk 0:24:56]} d6
{[%clk 0:25:08]} 3. d4 {[%clk 0:24:25]} cxd4 {[%clk 0:25:16]} 4. Nxd4
{[%clk 0:24:24]} Nf6 {[%clk 0:25:23]} 5. Nc3 {[%clk 0:24:22]} g6 {[%clk 0:25:23]}
6. Be3 {[%clk 0:23:42]} Bg7 {[%clk 0:25:27]} 7. Be2 {[%clk 0:22:02]} O-O
{[%clk 0:25:34]} 8. O-O {[%clk 0:22:00]} Nc6 {[%clk 0:25:33]} 9. Qd2
{[%clk 0:20:18]} Bd7 {[%clk 0:24:49]} 10. Rad1 {[%clk 0:19:08]} a6
{[%clk 0:24:10]} 11. Rfe1 {[%clk 0:18:13]} Qc7 {[%clk 0:23:39]} 12. Nxc6
{[%clk 0:13:59]} Qxc6 {[%clk 0:22:50]} 13. Bd3 {[%clk 0:13:47]} b5
{[%clk 0:22:38]} 14. a3 {[%clk 0:13:40]} Rac8 {[%clk 0:21:01]} 15. Bh6
{[%clk 0:13:11]} Ng4 {[%clk 0:17:23]} 16. Bxg7 {[%clk 0:12:29]} Kxg7
{[%clk 0:17:25]} 17. h3 {[%clk 0:12:31]} Nf6 {[%clk 0:17:16]} 18. Qe3
{[%clk 0:11:54]} Rb8 {[%clk 0:16:14]} 19. Be2 {[%clk 0:11:14]} a5
{[%clk 0:14:20]} 20. Bf3 {[%clk 0:09:41]} b4 {[%clk 0:13:30]} 21. e5
{[%clk 0:09:41]} Qc7 {[%clk 0:12:10]} 22. exf6+ {[%clk 0:09:33]} exf6
{[%clk 0:12:01]} 23. axb4 {[%clk 0:08:36]} axb4 {[%clk 0:11:44]} 24. Nd5
{[%clk 0:08:10]} Qxc2 {[%clk 0:11:40]} 25. Qd4 {[%clk 0:08:07]} Qc5
{[%clk 0:11:22]} 26. Qxf6+ {[%clk 0:08:11]} Kh6 {[%clk 0:11:12]} 27. Qf4+
{[%clk 0:06:48]} Kg7 {[%clk 0:11:08]} 28. Qd4+ {[%clk 0:06:40]} Kh6
{[%clk 0:10:59]} 29. Nf6 {[%clk 0:05:27]} Ba4 {[%clk 0:10:23]} 30. Ng4+
{[%clk 0:04:42]} Kh5 {[%clk 0:09:16]} 31. Qxc5+ {[%clk 0:04:47]} dxc5
{[%clk 0:09:22]} 32. Rd5+ {[%clk 0:04:44]} f5 {[%clk 0:09:31]} 33. Rxc5
{[%clk 0:04:28]} Rb5 {[%clk 0:09:25]} 34. Rxb5 {[%clk 0:03:52]} Bxb5
{[%clk 0:09:18]} 35. Re5 {[%clk 0:04:02]} Ba4 {[%clk 0:09:11]} 36. g3
{[%clk 0:03:14]} Re8 {[%clk 0:08:43]} 37. Nf6+ {[%clk 0:03:23]} Kg5
{[%clk 0:08:41]} 38. Nxe8 {[%clk 0:03:20]} Bxe8 {[%clk 0:08:47]} 39. Re6
{[%clk 0:03:30]} Bd7 {[%clk 0:08:47]} 40. Re7 {[%clk 0:03:35]} Bb5
{[%clk 0:08:46]} 41. Rxh7 {[%clk 0:03:39]} f4 {[%clk 0:08:49]} 42. Rb7
{[%clk 0:03:35]} Be8 {[%clk 0:08:44]} 43. h4+ {[%clk 0:03:33]} Kf5
{[%clk 0:08:50]} 44. Rxb4 {[%clk 0:03:37]} fxg3 {[%clk 0:08:39]} 45. fxg3
{[%clk 0:03:46]} g5 {[%clk 0:08:23]} 46. hxg5 {[%clk 0:03:46]} Kxg5
{[%clk 0:08:32]} 47. Rg4+ {[%clk 0:04:04]} Kf5 {[%clk 0:08:40]} 48. Kf2
{[%clk 0:04:11]} Bh5 {[%clk 0:08:45]} 49. Rf4+ {[%clk 0:04:19]} Kg5
{[%clk 0:08:51]} 50. Bxh5 {[%clk 0:04:27]} Kxh5 {[%clk 0:09:01]} 51. Kf3
{[%clk 0:04:35]} Kg5 {[%clk 0:09:10]} 52. b4 {[%clk 0:04:43]} Kg6
{[%clk 0:09:19]} 53. b5 {[%clk 0:04:51]} Kg7 {[%clk 0:09:29]} 54. Rf5
{[%clk 0:04:57]} Kg6 {[%clk 0:09:37]} 55. Kf4 {[%clk 0:05:07]} Kg7
{[%clk 0:09:47]} 56. Ke5 {[%clk 0:05:15]} Kg6 {[%clk 0:09:55]} 57. b6
{[%clk 0:05:24]} Kg7 {[%clk 0:10:04]} 58. Rf6 {[%clk 0:05:34]} Kg8
{[%clk 0:10:13]} 59. Ke6 {[%clk 0:05:42]} Kg7 {[%clk 0:10:21]} 60. b7
{[%clk 0:05:50]} Kh7 {[%clk 0:10:24]} 61. b8=Q {[%clk 0:05:54]} Kg7
{[%clk 0:10:34]} 62. Qf8+ {[%clk 0:06:02]} Kh7 {[%clk 0:10:43]} 63. Rh6#
{[%clk 0:06:11]} 1-0

[Event "MCR druzstev mladsich zaku 2015"]
[Site "Hradec Kralove"]
[Date "2015.06.13"]
[Round "4.12"]
[White "Fizerova (BSS F-M \"B\"), Lucie"]
[Black "Keprt (Kurim), Tomas"]
[Result "1-0"]
[BlackElo "1262"]
[WhiteElo "1289"]
[LiveChessVersion "1.4.4"]

1. e4 {[%clk 0:25:18]} c5 {[%clk 0:25:15]} 2. d4 {[%clk 0:25:26]} cxd4
{[%clk 0:25:17]} 3. c3 {[%clk 0:25:35]} dxc3 {[%clk 0:25:14]} 4. Nxc3
{[%clk 0:25:43]} d6 {[%clk 0:25:01]} 5. Nf3 {[%clk 0:25:49]} Nf6 {[%clk 0:24:33]}
6. Bc4 {[%clk 0:25:47]} e6 {[%clk 0:24:09]} 7. O-O {[%clk 0:25:49]} Be7
{[%clk 0:24:05]} 8. Qe2 {[%clk 0:25:31]} O-O {[%clk 0:23:22]} 9. Rd1
{[%clk 0:25:35]} Nc6 {[%clk 0:22:32]} 10. Bf4 {[%clk 0:25:35]} Qc7
{[%clk 0:18:50]} 11. e5 {[%clk 0:25:05]} Ne8 {[%clk 0:17:59]} 12. Rd2
{[%clk 0:23:22]} dxe5 {[%clk 0:17:35]} 13. Nxe5 {[%clk 0:23:22]} Nxe5
{[%clk 0:17:19]} 14. Bxe5 {[%clk 0:23:31]} Bd6 {[%clk 0:17:06]} 15. Bxd6 Nxd6
{[%clk 0:17:02]} 16. Bb3 {[%clk 0:22:53]} b6 {[%clk 0:15:25]} 17. Rad1
{[%clk 0:22:41]} Nf5 {[%clk 0:14:24]} 18. Nb5 {[%clk 0:22:31]} Qe7
{[%clk 0:13:41]} 19. Bc2 {[%clk 0:21:50]} Nh6 {[%clk 0:12:38]} 20. Qe4
{[%clk 0:21:45]} f5 {[%clk 0:10:56]} 21. Qxa8 {[%clk 0:21:53]} Qc5
{[%clk 0:08:34]} 22. a4 {[%clk 0:20:59]} Qe5 {[%clk 0:07:32]} 23. Qc6
{[%clk 0:20:25]} Ng4 {[%clk 0:06:35]} 24. g3 {[%clk 0:19:33]} Nf6
{[%clk 0:06:01]} 25. Bb3 {[%clk 0:18:14]} Re8 {[%clk 0:05:28]} 26. Nd6
{[%clk 0:16:33]} Bd7 {[%clk 0:05:03]} 27. Qc4 {[%clk 0:14:26]} Rf8
{[%clk 0:04:35]} 28. Re2 {[%clk 0:14:14]} Ne4 {[%clk 0:03:54]} 29. f3
{[%clk 0:13:54]} Nxd6 {[%clk 0:03:53]} 30. Rxe5 {[%clk 0:13:56]} Nxc4
{[%clk 0:04:02]} 31. Bxc4 {[%clk 0:13:59]} Rf7 {[%clk 0:03:19]} 32. Rxd7
{[%clk 0:13:58]} Rf8 {[%clk 0:03:09]} 33. Rxe6 {[%clk 0:13:56]} Kh8
{[%clk 0:03:18]} 34. Ree7 {[%clk 0:14:02]} Rc8 {[%clk 0:03:14]} 35. b3
{[%clk 0:14:02]} h5 {[%clk 0:03:02]} 36. Rxg7 {[%clk 0:14:09]} Rxc4
{[%clk 0:02:53]} 37. bxc4 {[%clk 0:14:10]} b5 {[%clk 0:03:00]} 38. Rge7
{[%clk 0:14:18]} bxc4 {[%clk 0:03:04]} 39. Rd8# {[%clk 0:14:27]} 1-0

[Event "MCR druzstev mladsich zaku 2015"]
[Site "Hradec Kralove"]
[Date "2015.06.13"]
[Round "4.13"]
[White "Svanda (Policka), Ondrej"]
[Black "Janecek (Horni Stropnice), Tadeas"]
[Result "1-0"]
[BlackElo "1317"]
[WhiteElo "1863"]
[LiveChessVersion "1.4.4"]

1. e4 {[%clk 0:25:18]} c5 {[%clk 0:25:18]} 2. Nc3 {[%clk 0:25:28]} d6
{[%clk 0:25:26]} 3. g3 {[%clk 0:25:36]} Nf6 {[%clk 0:25:27]} 4. Bg2
{[%clk 0:25:46]} Nc6 {[%clk 0:25:26]} 5. d3 {[%clk 0:25:55]} b6 {[%clk 0:25:15]}
6. f4 {[%clk 0:26:03]} Bb7 {[%clk 0:25:12]} 7. Nf3 {[%clk 0:26:11]} e6
{[%clk 0:24:51]} 8. O-O {[%clk 0:26:18]} Be7 {[%clk 0:24:52]} 9. h3
{[%clk 0:26:26]} O-O {[%clk 0:24:34]} 10. Be3 {[%clk 0:26:31]} Re8
{[%clk 0:23:41]} 11. Ne2 {[%clk 0:26:37]} Qc7 {[%clk 0:23:10]} 12. g4
{[%clk 0:26:41]} Rad8 {[%clk 0:22:33]} 13. Ng3 {[%clk 0:26:44]} Ba6
{[%clk 0:21:47]} 14. g5 {[%clk 0:26:27]} Nd7 {[%clk 0:21:26]} 15. Qe1
{[%clk 0:26:01]} f6 {[%clk 0:20:12]} 16. h4 {[%clk 0:25:30]} d5 {[%clk 0:19:35]}
17. h5 {[%clk 0:24:04]} fxg5 {[%clk 0:18:09]} 18. Nxg5 {[%clk 0:23:51]} Bxg5
{[%clk 0:17:34]} 19. fxg5 {[%clk 0:23:59]} Rf8 {[%clk 0:17:09]} 20. g6
{[%clk 0:22:42]} Rxf1+ {[%clk 0:16:20]} 21. Nxf1 {[%clk 0:22:28]} hxg6
{[%clk 0:15:48]} 22. hxg6 {[%clk 0:22:36]} Qd6 {[%clk 0:14:28]} 23. Qh4
{[%clk 0:22:05]} Nf6 {[%clk 0:12:03]} 24. Bg5 {[%clk 0:20:48]} Qe5
{[%clk 0:11:17]} 25. Ne3 Rd7 {[%clk 0:07:56]} 26. Ng4 {[%clk 0:18:19]} Qd4+
{[%clk 0:06:31]} 27. Kh1 {[%clk 0:17:14]} Kf8 {[%clk 0:04:54]} 28. Nxf6
{[%clk 0:15:58]} Rb7 {[%clk 0:02:59]} 29. Qh8+ {[%clk 0:15:12]} Ke7
{[%clk 0:02:47]} 30. Qxg7+ {[%clk 0:15:18]} Kd6 {[%clk 0:02:45]} 31. Ne8# 1-0

[Event "MCR druzstev mladsich zaku 2015"]
[Site "Hradec Kralove"]
[Date "2015.06.13"]
[Round "4.14"]
[White "Bauer (Horni Stropnice), Vaclav"]
[Black "Pavlicek (Policka), Lukas"]
[Result "0-1"]
[BlackElo "1563"]
[WhiteElo "1354"]
[LiveChessVersion "1.4.4"]

1. e4 {[%clk 0:25:19]} e6 {[%clk 0:25:18]} 2. d4 {[%clk 0:25:24]} d5
{[%clk 0:25:26]} 3. e5 {[%clk 0:25:31]} c5 {[%clk 0:25:35]} 4. c3
{[%clk 0:25:37]} Qb6 {[%clk 0:25:37]} 5. Nf3 {[%clk 0:25:44]} Nc6
{[%clk 0:25:44]} 6. Be2 {[%clk 0:24:46]} Nh6 {[%clk 0:25:27]} 7. O-O
{[%clk 0:23:32]} cxd4 {[%clk 0:25:27]} 8. cxd4 {[%clk 0:22:13]} Nf5
{[%clk 0:25:22]} 9. b3 {[%clk 0:20:59]} Nfxd4 {[%clk 0:24:18]} 10. Be3
{[%clk 0:19:08]} Nxf3+ {[%clk 0:24:02]} 11. Bxf3 {[%clk 0:19:13]} Qc7
{[%clk 0:22:59]} 12. Bf4 {[%clk 0:17:02]} Nxe5 {[%clk 0:20:51]} 13. Re1
{[%clk 0:14:30]} Nxf3+ {[%clk 0:20:28]} 14. Qxf3 {[%clk 0:14:37]} Bd6
{[%clk 0:20:14]} 15. Rc1 {[%clk 0:13:35]} Qd7 {[%clk 0:18:57]} 16. Nc3
{[%clk 0:11:19]} Bxf4 {[%clk 0:17:52]} 17. Qxf4 {[%clk 0:11:26]} b6
{[%clk 0:16:29]} 18. Re1 {[%clk 0:09:47]} Bb7 {[%clk 0:14:05]} 19. Re5
{[%clk 0:05:56]} Rc8 {[%clk 0:10:54]} 20. Ne2 {[%clk 0:04:22]} Rc7
{[%clk 0:07:51]} 21. Rg5 {[%clk 0:02:51]} f6 {[%clk 0:06:42]} 22. Rg3
{[%clk 0:02:35]} Kf7 {[%clk 0:05:21]} 23. Qh4 {[%clk 0:01:43]} Ba6
{[%clk 0:04:07]} 24. Nf4 {[%clk 0:00:40]} Qc8 {[%clk 0:03:00]} 25. Qh5+
{[%clk 0:00:43]} g6 {[%clk 0:02:43]} 26. Qd1 {[%clk 0:00:16]} Rc3
{[%clk 0:01:53]} 27. Rxc3 {[%clk 0:00:12]} Qxc3 {[%clk 0:02:01]} 28. Qe1
{[%clk 0:00:20]} Qxe1+ {[%clk 0:02:03]} 29. Rxe1 {[%clk 0:00:29]} Re8
{[%clk 0:01:57]} 30. h4 {[%clk 0:00:21]} d4 {[%clk 0:01:34]} 31. Rd1
{[%clk 0:00:14]} Rd8 {[%clk 0:01:31]} 32. f3 {[%clk 0:00:15]} e5 {[%clk 0:01:14]}
33. Nd3 {[%clk 0:00:20]} Bxd3 {[%clk 0:01:20]} 34. Rxd3 {[%clk 0:00:29]} Ke6
{[%clk 0:01:23]} 35. Kf2 {[%clk 0:00:37]} Rc8 {[%clk 0:01:19]} 36. Rd2
{[%clk 0:00:42]} f5 {[%clk 0:01:22]} 37. Ke2 {[%clk 0:00:42]} Kd5
{[%clk 0:01:11]} 38. g3 {[%clk 0:00:31]} e4 {[%clk 0:01:14]} 39. f4
{[%clk 0:00:20]} d3+ {[%clk 0:01:13]} 40. Ke3 {[%clk 0:00:23]} Rc2
{[%clk 0:01:15]} 41. Rxc2 {[%clk 0:00:16]} dxc2 {[%clk 0:01:24]} 42. Kd2
{[%clk 0:00:25]} Kd4 {[%clk 0:01:29]} 43. Kxc2 {[%clk 0:00:33]} e3
{[%clk 0:01:36]} 44. Kd1 {[%clk 0:00:36]} Kd3 {[%clk 0:01:44]} 45. a3
{[%clk 0:00:41]} a6 {[%clk 0:01:42]} 46. b4 {[%clk 0:00:43]} b5 {[%clk 0:01:51]}
47. Ke1 {[%clk 0:00:45]} e2 {[%clk 0:01:58]} 0-1

[Event "MCR druzstev mladsich zaku 2015"]
[Site "Hradec Kralove"]
[Date "2015.06.13"]
[Round "4.15"]
[White "Zeman (Policka), Daniel"]
[Black "Fuciman (Horni Stropnice), Ondrej"]
[Result "1-0"]
[BlackElo "1617"]
[WhiteElo "1574"]
[LiveChessVersion "1.4.4"]

1. e4 {[%clk 0:25:18]} d6 {[%clk 0:24:45]} 2. d4 {[%clk 0:25:24]} Nf6
{[%clk 0:24:52]} 3. Nc3 {[%clk 0:25:28]} g6 {[%clk 0:24:36]} 4. Nf3
{[%clk 0:23:41]} Bg7 {[%clk 0:24:40]} 5. Be3 {[%clk 0:22:48]} O-O
{[%clk 0:24:35]} 6. Be2 {[%clk 0:22:05]} Nc6 {[%clk 0:24:37]} 7. Qd2
{[%clk 0:20:33]} Bd7 {[%clk 0:24:09]} 8. O-O {[%clk 0:19:54]} Re8
{[%clk 0:23:05]} 9. Ne1 {[%clk 0:18:00]} e5 {[%clk 0:22:24]} 10. d5
{[%clk 0:18:06]} Nb8 {[%clk 0:21:26]} 11. f3 {[%clk 0:17:43]} Bf8
{[%clk 0:19:58]} 12. Nd3 {[%clk 0:16:50]} c6 {[%clk 0:18:03]} 13. Bg5
{[%clk 0:16:33]} Be7 {[%clk 0:17:08]} 14. Nf2 {[%clk 0:14:39]} cxd5
{[%clk 0:16:52]} 15. Bxf6 {[%clk 0:14:32]} d4 {[%clk 0:15:56]} 16. Bxe7
{[%clk 0:14:21]} dxc3 {[%clk 0:15:48]} 17. Bxd8 {[%clk 0:14:20]} cxd2
{[%clk 0:15:56]} 18. Bg5 {[%clk 0:14:05]} Rc8 {[%clk 0:16:00]} 19. c3
{[%clk 0:13:58]} Nc6 {[%clk 0:13:05]} 20. Bxd2 {[%clk 0:13:58]} a5
{[%clk 0:12:28]} 21. Rfd1 {[%clk 0:13:31]} a4 {[%clk 0:12:17]} 22. a3
{[%clk 0:13:07]} Na5 {[%clk 0:11:37]} 23. Be3 {[%clk 0:12:18]} Nb3
{[%clk 0:10:46]} 24. Rab1 {[%clk 0:12:15]} b5 {[%clk 0:09:31]} 25. Rxd6
{[%clk 0:11:44]} Be8 {[%clk 0:09:23]} 26. Bd1 {[%clk 0:11:12]} Na5
{[%clk 0:08:56]} 27. Be2 {[%clk 0:11:01]} Nb3 {[%clk 0:08:04]} 28. Nd3
{[%clk 0:10:30]} b4 {[%clk 0:07:29]} 29. Nxb4 {[%clk 0:10:22]} Rd8
{[%clk 0:07:12]} 30. Rbd1 {[%clk 0:09:45]} Rxd6 {[%clk 0:07:06]} 31. Rxd6
{[%clk 0:09:50]} Rb8 {[%clk 0:07:01]} 32. Bc4 {[%clk 0:09:09]} Na5
{[%clk 0:06:25]} 33. Ba2 {[%clk 0:09:00]} 1-0

[Event "MCR druzstev mladsich zaku 2015"]
[Site "Hradec Kralove"]
[Date "2015.06.13"]
[Round "4.16"]
[White "Rolinkova (Horni Stropnice), Lucie"]
[Black "Svanda (Policka), Adam"]
[Result "1/2-1/2"]
[BlackElo "1595"]
[WhiteElo "1411"]
[LiveChessVersion "1.4.4"]

1. e4 {[%clk 0:25:18]} e6 {[%clk 0:25:18]} 2. d4 {[%clk 0:25:24]} d5
{[%clk 0:25:27]} 3. e5 {[%clk 0:25:33]} c5 {[%clk 0:25:35]} 4. c3
{[%clk 0:25:41]} Nc6 {[%clk 0:25:43]} 5. Nf3 {[%clk 0:25:48]} Qb6
{[%clk 0:25:48]} 6. a3 {[%clk 0:25:50]} cxd4 {[%clk 0:25:34]} 7. cxd4
{[%clk 0:25:27]} Nge7 {[%clk 0:25:35]} 8. g4 {[%clk 0:24:40]} Ng6
{[%clk 0:24:56]} 9. Be2 {[%clk 0:22:01]} Be7 {[%clk 0:23:43]} 10. g5
{[%clk 0:19:22]} a6 {[%clk 0:20:10]} 11. Nbd2 {[%clk 0:18:10]} Nxd4
{[%clk 0:19:39]} 12. Nxd4 {[%clk 0:17:06]} Qxd4 {[%clk 0:19:45]} 13. Nf3
{[%clk 0:16:36]} Qe4 {[%clk 0:19:25]} 14. Qd3 {[%clk 0:14:43]} Qxd3
{[%clk 0:18:02]} 15. Bxd3 {[%clk 0:14:50]} b5 {[%clk 0:17:52]} 16. b4
{[%clk 0:14:44]} Bd7 {[%clk 0:17:42]} 17. Bb2 {[%clk 0:14:13]} O-O
{[%clk 0:17:35]} 18. Rc1 {[%clk 0:14:04]} Rfc8 {[%clk 0:17:33]} 19. O-O
{[%clk 0:14:12]} Nf4 {[%clk 0:17:30]} 20. Rxc8+ {[%clk 0:13:00]} Rxc8
{[%clk 0:17:33]} 21. Bb1 {[%clk 0:12:52]} Bd8 {[%clk 0:16:04]} 22. Kh1
{[%clk 0:11:53]} a5 {[%clk 0:15:14]} 23. Rc1 {[%clk 0:10:49]} axb4
{[%clk 0:13:24]} 24. Rxc8 {[%clk 0:09:54]} Bxc8 {[%clk 0:13:29]} 25. axb4
{[%clk 0:09:57]} Bb6 {[%clk 0:13:17]} 26. Bd4 {[%clk 0:09:22]} Bxd4
{[%clk 0:12:51]} 27. Nxd4 {[%clk 0:09:30]} Nh3 {[%clk 0:12:58]} 28. Nxb5 Bb7
{[%clk 0:12:32]} 29. Nd6 {[%clk 0:07:29]} Ba8 {[%clk 0:12:22]} 30. Kg2
{[%clk 0:07:02]} Nxg5 {[%clk 0:12:23]} 31. b5 {[%clk 0:07:08]} f6
{[%clk 0:11:16]} 32. b6 {[%clk 0:06:32]} Nf7 {[%clk 0:10:49]} 33. b7
{[%clk 0:06:29]} Bxb7 {[%clk 0:10:51]} 34. Nxb7 {[%clk 0:06:37]} Nxe5
{[%clk 0:10:59]} 35. Nd8 d4 {[%clk 0:09:45]} 36. f4 {[%clk 0:05:10]} Ng4
{[%clk 0:08:41]} 37. Nxe6 {[%clk 0:04:38]} g5 {[%clk 0:08:06]} 38. fxg5
{[%clk 0:03:42]} fxg5 {[%clk 0:08:15]} 39. Nxg5 {[%clk 0:03:13]} Nxh2
{[%clk 0:08:24]} 40. Kxh2 {[%clk 0:03:03]} h6 {[%clk 0:08:31]} 41. Nf3
{[%clk 0:03:05]} d3 {[%clk 0:08:24]} 42. Bxd3 {[%clk 0:03:08]} Kg7
{[%clk 0:08:29]} 43. Kh3 {[%clk 0:02:54]} h5 {[%clk 0:08:25]} 44. Kh4
{[%clk 0:03:02]} Kh6 {[%clk 0:08:30]} 45. Nd4 {[%clk 0:02:51]} Kg7
{[%clk 0:08:34]} 46. Kxh5 {[%clk 0:02:57]} Kf6 {[%clk 0:08:43]} 47. Nf3
{[%clk 0:02:29]} Ke6 {[%clk 0:08:46]} 48. Be4 {[%clk 0:02:12]} Kd6
{[%clk 0:08:49]} 49. Kg6 {[%clk 0:02:05]} Kc5 {[%clk 0:08:56]} 50. Kf6
{[%clk 0:02:05]} Kd6 {[%clk 0:08:48]} 51. Ne5 {[%clk 0:01:38]} Kc5
{[%clk 0:08:55]} 52. Ke6 {[%clk 0:01:39]} Kd4 {[%clk 0:07:07]} 53. Bd5
{[%clk 0:00:57]} Kc3 {[%clk 0:07:10]} 54. Kd6 {[%clk 0:00:51]} Kd4
{[%clk 0:07:15]} 55. Be6 {[%clk 0:00:41]} Kc3 {[%clk 0:07:22]} 56. Kd5
{[%clk 0:00:43]} Kb2 {[%clk 0:07:29]} 57. Kd4 {[%clk 0:00:44]} Kb1
{[%clk 0:07:38]} 58. Kd3 {[%clk 0:00:35]} Kb2 {[%clk 0:07:43]} 59. Bd5
{[%clk 0:00:24]} Kc1 {[%clk 0:07:46]} 60. Nf3 {[%clk 0:00:25]} Kb2
{[%clk 0:07:53]} 61. Bc4 {[%clk 0:00:17]} Kb1 {[%clk 0:07:54]} 62. Kc3
{[%clk 0:00:23]} Ka1 {[%clk 0:08:00]} 63. Bb3 {[%clk 0:00:17]} Kb1
{[%clk 0:08:04]} 64. Nd2+ {[%clk 0:00:17]} Ka1 {[%clk 0:08:09]} 65. Nc4
{[%clk 0:00:14]} Kb1 {[%clk 0:08:02]} 66. Kd2 {[%clk 0:00:17]} Ka1
{[%clk 0:08:06]} 67. Ne3 {[%clk 0:00:13]} Kb2 {[%clk 0:08:11]} 68. Bc4
{[%clk 0:00:17]} Ka1 {[%clk 0:08:12]} 69. Kc3 {[%clk 0:00:25]} Kb1
{[%clk 0:08:17]} 70. Bb3 {[%clk 0:00:24]} Ka1 {[%clk 0:08:02]} 71. Nc2+
{[%clk 0:00:33]} Kb1 {[%clk 0:08:11]} 72. Kb4 {[%clk 0:00:12]} Kb2
{[%clk 0:08:14]} 73. Ba4 {[%clk 0:00:17]} Ka2 {[%clk 0:08:12]} 74. Nd4
{[%clk 0:00:22]} Kb2 {[%clk 0:08:18]} 75. Bb3 {[%clk 0:00:28]} Kc1
{[%clk 0:08:14]} 76. Kc3 {[%clk 0:00:32]} Kb1 {[%clk 0:08:16]} 77. Bc2+
{[%clk 0:00:38]} Ka2 {[%clk 0:08:19]} 78. Nb5 {[%clk 0:00:23]} Ka1
{[%clk 0:08:23]} 79. Bb3 {[%clk 0:00:00]} 1/2-1/2